| 000 | 01216nam a22002537a 4500 | ||
|---|---|---|---|
| 999 |
_c22343 _d22343 |
||
| 003 | AR-CdUCM | ||
| 008 | 190429b ||||| |||| 00| 0 spa d | ||
| 040 |
_aMUNICIPALIDAD PROVINCIAL DEL CUSCO _cBIBLIOTECA MUNICIPAL DEL CUSCO |
||
| 082 | _aOpciones/N°2/1995 | ||
| 245 |
_aOpciones : _brevista de análisis debate y alternativas a los problemas regionales en medio ambiente y desarrollo / _cUniversidad Nacional de San Antonio Abad del Cusco |
||
| 260 |
_aCusco. _bAlpha, _c1995. |
||
| 300 |
_a57 páginas. : _c28 cm. |
||
| 440 |
_aOpciones. _nAño II, número III, febrero 1995. _947889 |
||
| 505 | _aContenido: Organización social andina y convivencia hombre fauna. -- Ética y Biodiversidad. -- Evaluación del agua de cuatro manantiales para consumo humano Distrito de Lamay Calca. -- Tramo carretero Santa Teresa Chaullay estudio socioeconómico y de impacto ambiental. ... | ||
| 650 |
_aEcología _94960 |
||
| 650 |
_aBiodiversidad _919327 |
||
| 650 |
_aMedio Ambiente _947890 |
||
| 650 |
_aDesarrollo rural _94384 |
||
| 700 |
_aCarreño Peralta, Elías _946779 |
||
| 700 |
_aGil Mora, Eduardo _946972 |
||
| 710 |
_aInstituto Andino de Ecología y Desarrollo _947891 |
||
| 942 |
_2ddc _cPP |
||
| 945 | _arac | ||